000 00611nam a2200217Ia 4500
003 GCL
008 140319s9999 xx 000 0 ara d
040 _aGCL /
_cGCL
082 0 4 _aق
_b338.09
_bش ت
100 1 _aشحاته صيام
245 1 0 _aالتصنيع والبناء الطبقى فى مصر 1980-1930 /
_cشحاته صيام
260 _a[S.N] :
_bدار المعارف ،
_c1991
300 _a300 ص
490 _a
650 0 4 _aمصر
650 0 4 _aالاقتصاد
650 0 4 _aالتصنيع
650 0 4 _aهندسة الانتاج
650 0 4 _aالصناعات
942 _2ddc
_cBK
999 _c58798
_d58798